000 01194nam a2200289 4500
001 0000017471
003 CO-CtgCURN
005 20250512211132.0
007 ta
008 160627s1997 000 0 eng d
020 _a9589608930
040 _aCO-CtgCURN
_bspa
_ccoctgcurn
082 0 _a343.861
_bL66c
100 1 _aLópez Morales, Jairo.
245 1 0 _aCódigo penal /
_cJairo López Morales,.
250 _a2a ed.
260 _aBogotá :
_bEdiciones juridicas colombiana,
_c1997.
300 _a367 p.
336 _2rdacontent
337 _2rdamedia
_asin mediacion
_bn
338 _2rdacarrier
_avolumen
_bnc
505 8 _aDe las normas rectoras de la ley penal colombiana.--De la punibilidad.--Parte especial de los delitos en particular.--Delitos contra la administracion.--Delitos contra la Administración de justicia.--Delitos contra la seguridad.--Delitos contra la fe publica.--Delitos contra el orden economico social.--Delitos contra la familia.--Delitos contra el sufragio
650 1 4 _aDerecho penal
_vLegislacion
_zColombia.
908 _a160627
942 _cBK
_h343.861
_iL66c
_2ddc
_n0
999 _c19436
_d19436